000 00639nam a22002177a 4500
999 _c6613
_d6613
001 6613
003 BD-JhCC
005 20180403173319.0
008 180127b xxu||||| |||| 00| 0 eng d
035 _a(BD-JhCC)6613
040 _aBD-JhCC
_dBD-JhCC
041 _aben
082 _a591
_bBAN 1994
100 _a বানু, নাসিম
245 _aউচ্চ মাধ্যমিক জুয়োলজি /
_cনাসিম বানু
260 _aঢাকা :
_bপ্রেসিডেন্সি প্রেস,
_c1994.
300 _a796 p. :
_c26 cm.
650 _azoology
942 _2ddc
_cBK